Σχεδιασμός και υλοποίηση διαδικτυακής εφαρμογής για τις ξερολιθικές κατασκευές της Λέσβου : μεταπτυχιακή διατριβή
Αποθηκεύτηκε σε:
| Κύριος συγγραφέας: | |
|---|---|
| Συγγραφή απο Οργανισμό/Αρχή: | |
| Μορφή: | Thesis Βιβλίο |
| Γλώσσα: | Greek |
| Δημοσίευση: |
2012.
|
| Θέματα: | |
| Διαθέσιμο Online: | http://hdl.handle.net/11610/16156 |
| Ετικέτες: |
Προσθήκη ετικέτας
Δεν υπάρχουν, Καταχωρήστε ετικέτα πρώτοι!
|
MARC
| LEADER | 00000cam a2200000 i 4500 | ||
|---|---|---|---|
| 001 | 1/21068 | ||
| 008 | 120622s2012 gre d | ||
| 035 | |l 10112812 | ||
| 040 | |a GR-MY-UA |b gre |e aacr | ||
| 041 | 0 | |a gre | |
| 082 | 0 | |a 006 |2 (22) | |
| 100 | 1 | |a Καμμένος, Παναγιώτης. | |
| 245 | 1 | 0 | |a Σχεδιασμός και υλοποίηση διαδικτυακής εφαρμογής για τις ξερολιθικές κατασκευές της Λέσβου : |b μεταπτυχιακή διατριβή / |c υποβλήθηκε από: Καμμένο Παναγιώτη ; επιβλέπων καθηγητής: Παυλογεωργάτος Γεράσιμος. |
| 260 | |c 2012. | ||
| 300 | |a 130 σ. : |b εικ. ; |c 30 εκ. | ||
| 500 | |a Βιβλιογραφία: σ. 127-130. | ||
| 502 | |a Διατριβή (μεταπτυχιακή) - Πανεπιστήμιο Αιγαίου, Λέσβος, 2012. | ||
| 650 | 0 | 0 | |a Web site development. |
| 650 | 0 | 0 | |a Web sites |x Design |x Case studies. |
| 650 | 0 | 0 | |a Upland conservation |z Greece |z Lesbos (Municipality) |
| 650 | 0 | 0 | |a Landscapes |z Greece |z Lesbos (Municipality) |
| 650 | 0 | 0 | |a Dissertations, Academic |z Greece. |
| 700 | 1 | |a Παυλογεωργάτος, Γεράσιμος Δ. |e dgs | |
| 710 | 2 | |a Πανεπιστήμιο Αιγαίου. |b Σχολή Κοινωνικών Επιστημών. |b Τμήμα Πολιτισμικής Τεχνολογίας και Επικοινωνίας. |b Πρόγραμμα Μεταπτυχιακών Σπουδών Πολιτισμική Πληροφορική και Επικοινωνία. | |
| 852 | |a INST |b LESVOS |c DIATR |e 20120622 |h 455 |p 005100052270 |q 005100052270 |t MTXE |y 23 | ||
| 852 | |a INST |b LESVOS |c DIATR |e 20120622 |h 456 |p 005100052269 |q 005100052269 |t MTXE |y 23 | ||
| 856 | |u http://hdl.handle.net/11610/16156 | ||
| 901 | |a BIBL1-2012-2 | ||
| 909 | |a Λ |b 175012 | ||
| 909 | |a Λ |b 175011 | ||
| 924 | |a ΚΑΜΜΕΝΟΣ |b ΠΑΝΑΓΙΩΤΗΣ |y ΛΕΣΒΟΣ |z 2012-04 | ||
| 970 | |a ΤΖΑΦΕΡΗ |b ΕΥΑΓΓΕΛΙΑ |z 2012/06/22 | ||